书目信息 |
| 题名: |
红楼韵事
|
|
| 作者: | 张涛之 著 | |
| 分册: | ||
| 出版信息: | 北京 新华出版社 2007.09 |
|
| 页数: | 201页 | |
| 开本: | 23cm | |
| 丛书名: | ||
| 单 册: | ||
| 中图分类: | I207.411 | |
| 科图分类: | ||
| 主题词: | ||
| 电子资源: | ||
| ISBN: | 978-7-5011-8062-2 | |
| 000 | 00948nam0 2200253 450 | |
| 001 | 012008809202 | |
| 005 | 20080603162209.15 | |
| 010 | @a978-7-5011-8062-2@dCNY22.00 | |
| 100 | @a20080603d2007 em y0chiy0120 ea | |
| 101 | 0 | @achi |
| 102 | @aCN@b110000 | |
| 105 | @aa a 000yy | |
| 106 | @ar | |
| 200 | 1 | @a红楼韵事@Ahong lou yun shi@e解密大清社会@f张涛之著@Fzhang tao zhi zhu |
| 210 | @a北京@c新华出版社@d2007.09 | |
| 215 | @a201页@c图@d23cm | |
| 320 | @a有书目 | |
| 330 | @a本书以独特的视角,对中国古典名著《红楼梦》中的爱情婚姻、人情世故、家族兴衰、权力运作、风俗流变、道德与法等问题进行了深度剖析,揭示了红楼社会中人与人之间错综复杂的关系,破解了许多未解之谜,展现了清朝社会各阶层生活中的潜规则。 | |
| 517 | 1 | @a解密大清社会@Ajie mi da qing she hui |
| 605 | @a红楼梦@Ahong lou meng@x文学研究 | |
| 690 | @aI207.411@v4 | |
| 701 | 0 | @a张涛之@Azhang tao zhi@4著 |
| 801 | 0 | @aCN@bQSSK@c20080603 |
| 905 | @b723814-16@dI207.411@eZ189@f3 | |
| 红楼韵事:解密大清社会/张涛之著.-北京:新华出版社,2007.09 |
| 201页:图;23cm |
| ISBN 978-7-5011-8062-2:CNY22.00 |
| 本书以独特的视角,对中国古典名著《红楼梦》中的爱情婚姻、人情世故、家族兴衰、权力运作、风俗流变、道德与法等问题进行了深度剖析,揭示了红楼社会中人与人之间错综复杂的关系,破解了许多未解之谜,展现了清朝社会各阶层生活中的潜规则。 |
| ● |
| 相关链接 |
|
|
|
正题名:红楼韵事
索取号:I207.411/Z189
 
预约/预借
| 序号 | 登录号 | 条形码 | 馆藏地/架位号 | 状态 | 备注 |
| 1 | 723814 | 207238149 | 文学库108/108文学库 9排8列2层/ [索取号:I207.411/Z189] | 在馆 | |
| 2 | 723815 | 207238158 | 文学库108/108文学库 9排8列2层/ [索取号:I207.411/Z189] | 在馆 | |
| 3 | 723816 | 207238167 | 期刊室512/108文学库 9排8列2层/ [索取号:I207.411/Z189] | 在馆 |